000
00325nam a2200133 4500
008
210519b ||||| |||| 00| 0 eng d
041
_a
eng
080
_a
004
082
_a
004
100
_a
28
101
_a
SHKI
245
_a
Succeding with Technology Computer System Concepts for Real Life
_c
Stair,R.M
942
_2
ddc
_c
BK
999
_c
57513
_d
57513